000 00668nam a22001937a 4500
005 20161014142823.0
010 _aENG-116208
020 _a9780199467716
_c650.00
035 _aEN-99740
037 _bDBAD/PUB
082 0 4 _a338.6420954
100 _aBreman,Jan
245 0 4 _aAt work in the Informal economy of India :
_cby Jan Breman
_ba prespective from the bottom up /
260 _aNew Delhi
_bOxford University press
_c2016
270 _aYMCA Library Building,1 Jaisingh Road
_bNew Delhi
_e110001
300 _axiii,457 pages :
_c22cm(pbk)
500 _aIncludes bibliographical references and index.
942 _2ddc
_cEN
_h338.64220954
_mBRE
999 _c104011
_d104011